Cartsis : (Registro nro. 173643)
[ vista simple ]
| 000 -LEADER | |
|---|---|
| fixed length control field | 01372nam a22003611i 4500 |
| 001 - CONTROL NUMBER | |
| control field | bslw10111181 |
| 006 - FIXED-LENGTH DATA ELEMENTS--ADDITIONAL MATERIAL CHARACTERISTICS--GENERAL INFORMATION | |
| fixed length control field | m o d |
| 007 - PHYSICAL DESCRIPTION FIXED FIELD--GENERAL INFORMATION | |
| fixed length control field | cr un ---uuuua |
| 008 - FIXED-LENGTH DATA ELEMENTS--GENERAL INFORMATION | |
| fixed length control field | 231219s2021 ck ac ob 000 0 spa d |
| 020 ## - INTERNATIONAL STANDARD BOOK NUMBER | |
| International Standard Book Number | 9789587914818 |
| 035 ## - | |
| -- | 42155 |
| 040 ## - CATALOGING SOURCE | |
| Original cataloging agency | UtOrBLW |
| Language of cataloging | eng |
| Description conventions | rda |
| Transcribing agency | UtOrBLW |
| 043 ## - | |
| -- | s-ck--- |
| 050 #4 - | |
| -- | UB365.C7 |
| -- | M65 2021 |
| 082 04 - | |
| -- | 362.8680971 |
| -- | 23 |
| 100 1# - MAIN ENTRY--PERSONAL NAME | |
| Personal name | Molano Turriago, María José, |
| Relator term | author. |
| 245 10 - TITLE STATEMENT | |
| Title | Cartsis : |
| Remainder of title | el valor de trascender / |
| Statement of responsibility, etc | autores María José Molano Turriago, Dagoberto Mata Daza, Fabio Alejandrdo Jiménez Pérez, Mateo Rubiano Giraldo; editor Mateo Rubiano Giraldo. |
| 264 #1 - | |
| -- | Bogotá, D.C. : |
| -- | Grupo Editorial Ibañez, |
| -- | 2021. |
| 300 ## - PHYSICAL DESCRIPTION | |
| Extent | 1 online resource (195 pages) : |
| Other physical details | chiefly color illustrations, portraits |
| 336 ## - | |
| -- | text |
| -- | txt |
| -- | rdacontent |
| 337 ## - | |
| -- | computer |
| -- | c |
| -- | rdamedia |
| 338 ## - | |
| -- | online resource |
| -- | cr |
| -- | rdacarrier |
| 504 ## - BIBLIOGRAPHY, ETC. NOTE | |
| Bibliography, etc | Includes bibliographical references. |
| 610 10 - SUBJECT ADDED ENTRY--CORPORATE NAME | |
| Corporate name or jurisdiction name as entry element | Colombia. |
| Subordinate unit | Ejército. |
| 650 #0 - SUBJECT ADDED ENTRY--TOPICAL TERM | |
| Topical term or geographic name as entry element | Disabled veterans |
| Geographic subdivision | Colombia |
| Form subdivision | Biography. |
| 650 #0 - SUBJECT ADDED ENTRY--TOPICAL TERM | |
| Topical term or geographic name as entry element | Athletes |
| Geographic subdivision | Colombia |
| Form subdivision | Biography. |
| 700 1# - ADDED ENTRY--PERSONAL NAME | |
| Personal name | Mata Daza, Dagoberto, |
| Relator term | author. |
| 700 1# - ADDED ENTRY--PERSONAL NAME | |
| Personal name | Jiménez Pérez, Fabio Alejandrdo, |
| Relator term | author. |
| 700 1# - ADDED ENTRY--PERSONAL NAME | |
| Personal name | Rubiano Giraldo, Mateo, |
| Relator term | author, |
| -- | editor. |
| 856 40 - LOCALIZACIÓN Y ACCESO ELECTRÓNICO | |
| Identificador Uniforme del Recurso (URI/URL) | https://app.vlex.com/#/sources/42155 |
| 942 ## - | |
| -- | RAA |
| 999 ## - | |
| -- | 173643 |
| -- | 173643 |
No hay ítems disponibles.